000 01580nam a2200217 a 4500
001 ASIN1862077908
005 20170105102909.0
008 131025s2005 xxu eng d
020 _a1862077908 (hardcover)
020 _a9781862077904 (hardcover)
040 _a0
082 _a956.104
100 1 _aMorris, Chris.
245 1 4 _aThe new turkey :
_bthe quiet revolution on the edge of europe /
_cChris Morris.
250 _aFirst Edition.
260 _a[S.l.] :
_bGranta Books,
_c2005.
300 _a288 p. ;
_c24 cm.
520 _aTurkey is a country in a state of flux, swept along by an extraordinary process of change. In the last few years a series of far-reaching political and economic reforms has swept away much of the old order which ruled the country for so long. Some people call it a second Turkish revolution. But resistance to reform remains strong. Pressure for change has come from ordinary people fed up with the old ways; it's also been motivated by the dominant issue of Turkish political life - the long pursuit of membership of the European Union. And yet Turkey remains a mystery to many outsiders; a complex country hard to understand. It's secular and Muslim, Western and Eastern, democratic and authoritarian, all at the same time. This book examines the potential and the problems of the new Turkey, and the expectations of the people who live there, drawing on first hand interviews and observations gathered over several years.
856 4 0 _3Amazon.com
_uhttp://www.amazon.com/exec/obidos/ASIN/1862077908/chopaconline-20
942 _2ddc
_cBK
999 _c15033
_d15033